A Alquimia de Saint Germain / (Registro n. 8343)
[ somente texto ]
| 000 -LÍDER | |
|---|---|
| campo de controle de tamanho fixo | 02151nam a2200277 a 4500 |
| 001 - NÚMERO DE CONTROLE | |
| campo de controle | BS0003280 |
| 003 - IDENTIFICADOR DO NÚMERO DE CONTROLE | |
| campo de controle | BR-BrBNA |
| 005 - DATA E HORÁRIO DA ÚLTIMA TRANSAÇÃO | |
| campo de controle | 20230418192253.0 |
| 008 - CAMPO DE DADOS FIXOS--INFORMAÇÃO GERAL | |
| campo de controle de tamanho fixo | 230308b |||||||| |||| 00| 0 por d |
| 040 ## - FONTE DA CATALOGAÇÃO | |
| Instituição da catalogação original | BR-BrBNA |
| Idioma da catalogação | por |
| Instituição que transcreveu o registro | Biblioteca Nacional de Agricultura |
| 041 ## - CÓDIGO DE IDIOMA | |
| Código do idioma do texto/trilha sonora ou título diferente | por |
| 072 ## - CÓDIGO DE CATEGORIA DE ASSUNTO | |
| Código de Categoria de Assunto | B59 |
| 090 ## - NÚMERO DE CHAMADA LOCAL | |
| Número de chamada | B59 BS0003280 |
| 100 1# - ENTRADA PRINCIPAL--NOME PESSOAL | |
| Nome pessoal | Prophet, Elizabeth C. |
| 100 1# - ENTRADA PRINCIPAL--NOME PESSOAL | |
| Nome pessoal | Propehet, Mark L. |
| 245 1# - TÍTULO | |
| Título | A Alquimia de Saint Germain / |
| 250 1# - EDIÇÃO | |
| Edição | 12. ed. |
| 260 3# - PUBLICAÇÃO, DISTRIBUIÇÃO, ETC. | |
| Local de publicação, distribuição, etc. | Rio de Janeiro, RJ: |
| Nome do editor, distribuidor, etc. | Nova Era, |
| Data da publicação, distribuição, etc. | 2006. |
| 300 ## - DESCRIÇÃO FÍSICA | |
| Extensão | 382 p. |
| 500 ## - NOTA GERAL | |
| Nota geral | Titulo Original: Saint Germain on Alchamy. Tradução de Terezinha Batista dos Santos..<br/> |
| 520 3# - NOTA DE RESUMO, ETC | |
| Resumo, etc. | Não se sabe de onde ele veio e quem de fato era, mas acredita-se que tenha realizado o sonho dos antigos alquimistas ao descobrir o elixir da juventude e a pedra filosofal. Confidente dos reis, favorito das cortes e amigo dos pobres, muitos garantem que ele viveu centenas de anos e que era capaz de transformar metais em ouro. O cético filósofo Voltaire referiu-se a ele como "o homem que nunca morre e sabe tudo". O rei Luís XV louvou suas habilidades e lhe ofereceu um laboratório e uma residência no castelo real de Chambord. Acusado de traição e perseguido pelas leis francesas, estabeleceu-se em Schleswig, na Alemanha, onde viveu sob a proteção do príncipe Karl de Hesse, que lhe deu permissão para dedicar-se às artes ocultas. Nobres que freqüentavam as cortes européias do século XVIII surpreenderam-se com seus dons, entre eles a clarividência e a telepatia. Admirado como filósofo, diplomata, dentista, curandeiro, artista e músico, falava pelo menos doze idiomas, era violinista e compositor e conhecia em profundidade as propriedades das plantas curativas. Aos que ousavam duvidar de suas habilidades, sua resposta: "Aqueles que são capazes de nutrir dúvidas com relação ao meu trabalho, não são dignos de dirigir-me a palavra." Encontre neste livro as mensagens do conde de Saint Germain e os segredos da alquimia, cujo verdadeiro propósito |
| 650 ## - ASSUNTO--TERMO TÓPICO | |
| Cabeçalho tópico ou nome geográfico | RELIGIÃO |
| 650 ## - ASSUNTO--TERMO TÓPICO | |
| Cabeçalho tópico ou nome geográfico | OCULTISMO |
| 909 ## - | |
| -- | 202304 |
| -- | Sergio Santos |
| -- | 56 |
| -- | Sergio Santos |
| 942 ## - ELEMENTOS DE ENTRADA ADICIONADOS (KOHA) | |
| Tipo de material Koha | Livros |
| Situação do descarte | Fonte da classificação ou esquema de arquivamento na estante | Situação física | Não pode ser emprestado | Coleção | Biblioteca de origem | Biblioteca atual | Total de empréstimos | Número de telefone completo | Código de barras | Data de último acesso | Número do exemplar | Tipo de material Koha | Situação das perdas | Data de aquisição | Fonte de aquisição | Qualificador de local codificado |
|---|---|---|---|---|---|---|---|---|---|---|---|---|---|---|---|---|
| Classificação AGRIS | Acervo Cultural | Biblioteca Nacional de Agricultura - Binagri | Biblioteca Nacional de Agricultura - Binagri | B59 BS0003280 | B59 BS0003280 | 12/04/2023 | 01 | Livros | 2023-04-04 | Doação | B59 |

BINAGRI